| 000 | 00977cam a22001934a 4500 | ||
|---|---|---|---|
| 005 | 20250605164013.0 | ||
| 008 | 250528s ||||||||||||||||||||||||d | ||
| 035 | _a16025 | ||
| 020 | _a69065 | ||
| 040 |
_aGR-AtMCL _bgre _dGR-AtMCL _eAACR2 |
||
| 245 | 1 | _aManagement and the Marketing Revolution / Merchandising Strategies for the New Era | |
| 260 |
_bMcgraw Hill Book Company, _c1964 |
||
| 300 | _a354 | ||
| 520 | _aForward, The Many Faces and Facets of the Marketing Revolution, The Independent Retailers' Revolution, The Robot Retailing Revolution, The Revolution in Personal Selling, The Revolution in Sunday Selling, How the Marketing will Reshape the Drug Industry, How the Marketing will Reshape the Plant Industry, How the Marketing will Reshape the Footwear Industry, How the Marketing will Reshape the Food Industry, How the Marketing will Reshape the Music Industry, Index. | ||
| 700 | 1 |
_aWeiss B. E _92066 |
|
| 942 | _cBK | ||
| 999 |
_c1569 _d1569 |
||